Curso básico sobre accesibilidad, con seguridad, del medio físico: selección de materiales

Saved in:
Bibliografiske detaljer
Main Authors: Benito, Jesús de (Author), Cabezas, Guillermo (Author), Cárdenas, Javier de (Author), Casado Pérez, Demetrio (Author), Delàs, Santi (Author), García Milà, Xavier (Author), Rojas, Carlos de (Author)
Format: Bog
Sprog:spansk
Udgivet: Madrid Centro Español de Documentación sobre Discapacidad 1999
Udgivelse:7a. ed
Fag:
Tags: Tilføj Tag
Ingen Tags, Vær først til at tagge denne postø!

MARC

LEADER 00000nam a2200000 a 4500
001 UCM9702
003 CL-VaPUC
008 030509e19990000SP |||||||||||||||||spa|d
082 0 4 |a 721.087  |b BEN  |2 21 
100 0 |a Benito, Jesús de  |e author  |9 476246 
700 0 |a Cabezas, Guillermo  |e author  |9 476247 
700 0 |a Cárdenas, Javier de  |e author  |9 476248 
700 0 |a Casado Pérez, Demetrio  |e author  |9 476249 
700 0 |a Delàs, Santi  |e author  |9 476250 
700 0 |a García Milà, Xavier  |e author  |9 476251 
700 0 |a Rojas, Carlos de  |e author  |9 476252 
245 1 0 |a Curso básico sobre accesibilidad, con seguridad, del medio físico: selección de materiales 
250 |a 7a. ed 
300 |a 202 p 
942 |c BK 
945 |d 20030509 00:00:00  |a cmena 
260 |a Madrid  |b Centro Español de Documentación sobre Discapacidad  |c 1999 
650 0 |a Arquitectura  |9 804558 
650 7 |a PERSONAS DISCAPACITADAS  |2 CL-VaPUC  |9 459099 
650 0 |a Diseño arquitectónico   |9 265271 
583 |a last modification  |c 20030509 00:00:00  |k Rodrigo Vera 
999 |c 303844  |d 303842 
952 |0 0  |1 0  |4 0  |6 721_087000000000000_BEN_1999  |7 0  |8 P  |9 365416  |a BIBEDU  |b BIBEDU  |c BIBEDU_PB  |d 2019-11-21  |i 3902455  |o 721.087 BEN 1999  |p 3902455  |r 2024-01-25  |w 2019-11-21  |y BK  |k BME